书目信息 |
| 题名: |
未来的一百页
|
|
| 作者: | 佩西 , Peccei 著 ;汪帼君 译 | |
| 分册: | ||
| 出版信息: | 北京 中国展望出版社 1984 |
|
| 页数: | 163页 | |
| 开本: | 19cm | |
| 丛书名: | 展望丛书 | |
| 单 册: | ||
| 中图分类: | G303 | |
| 科图分类: | ||
| 主题词: | 未来学--研究报告 | |
| 电子资源: | ||
| ISBN: | ||
| 000 | 00850nam2 2200289 45 | |
| 001 | 0184011863 | |
| 005 | 20060818104956.01 | |
| 010 | @dCNY0.85 | |
| 091 | @aCN@b3271.007 | |
| 100 | @a19960215d1984 emky0chiy0121 ea | |
| 101 | 1 | @achi@ceng |
| 102 | @aCN@b110000 | |
| 105 | @af z 000yy | |
| 200 | 10 | @a未来的一百页@Awei lai de yi bai ye@e罗马俱乐部总裁的报告@f(意)佩西(A.Peccei)著@g汪帼君译 |
| 210 | @a北京@c中国展望出版社@d1984 | |
| 215 | @a163页@c图@d19cm | |
| 225 | 2 | @a展望丛书 |
| 300 | @a书名原文:One hundred pages for the future | |
| 410 | 0 | @120010@a展望丛书 |
| 510 | 1 | @aOne hundred pages for the future@zeng |
| 606 | @a未来学@x研究报告 | |
| 690 | @aG303@v3 | |
| 701 | 1 | @a佩西@Apei xi@bA.@4著 |
| 701 | A1 | @aPeccei@bA.@4著 |
| 702 | 0 | @a汪帼君@Awang guo jun@4译 |
| 801 | 0 | @aCN@bTSSF@c20060818 |
| 905 | @a10447@dG303@e116 | |
| 未来的一百页:罗马俱乐部总裁的报告/(意)佩西(A.Peccei)著/汪帼君译.-北京:中国展望出版社,1984 |
| 163页:图;19cm.-(展望丛书) |
| 书名原文:One hundred pages for the future |
| ISBN :CNY0.85 |
| ● |
| 相关链接 |
|
|
|
|
正题名:未来的一百页
索取号:G303/116
 
预约/预借
| 序号 | 登录号 | 条形码 | 馆藏地/架位号 | 状态 | 备注 |
| 1 | 0440277 | 204402770 | 密集书库/ [索取号:G303/116] | 在馆 | |
| 2 | 0440875 | 204408756 | 密集书库/ [索取号:G303/116] | 在馆 | |
| 3 | 0465691 | 204656915 | 密集书库/ [索取号:G303/116] | 在馆 |